000 01197nam a2200301Ia 4500
001 ebr10387173
003 CaPaEBR
006 m u
007 cr cn|||||||||
008 081018s2009 cau sb 001 0 eng d
020 _z9781932662344
020 _z1932662340
040 _aCaPaEBR
_cCaPaEBR
035 _a(OCoLC)630542797
050 1 4 _aNX163
_b.L68 2009eb
100 1 _aLoveland, Elaina C.
245 1 0 _aCreative careers
_h[electronic resource] :
_bpaths for aspiring actors, artists, dancers, musicians and writers /
_cElaina Loveland.
250 _a2nd ed.
260 _aBelmont, CA :
_bSuperCollege,
_cc2009.
300 _a351 p.
504 _aIncludes bibliographical references (p. 343-346) and index.
533 _aElectronic reproduction.
_bPalo Alto, Calif. :
_cebrary,
_d2010.
_nAvailable via World Wide Web.
_nAccess may be limited to ebrary affiliated libraries.
650 0 _aArts
_xVocational guidance.
650 0 _aPerforming arts
_xVocational guidance.
655 7 _aElectronic books.
_2local
710 2 _aebrary, Inc.
856 4 0 _uhttp://site.ebrary.com/lib/rucke/Doc?id=10387173
_zAn electronic book accessible through the World Wide Web; click to view
999 _c205512
_d205512